<?xml version="1.0" encoding="UTF-8"?>
<record
    xmlns:xsi="http://www.w3.org/2001/XMLSchema-instance"
    xsi:schemaLocation="http://www.loc.gov/MARC21/slim http://www.loc.gov/standards/marcxml/schema/MARC21slim.xsd"
    xmlns="http://www.loc.gov/MARC21/slim">

  <leader>01226nam a2200193 a 4500</leader>
  <controlfield tag="001">000023651</controlfield>
  <controlfield tag="005">20200930022354.0</controlfield>
  <controlfield tag="008">101216s1963    sp      r     000 f spa d</controlfield>
  <datafield tag="040" ind1=" " ind2=" ">
    <subfield code="a">DO-SdBNP</subfield>
    <subfield code="b">spa</subfield>
    <subfield code="c">BNPHU</subfield>
  </datafield>
  <datafield tag="082" ind1=" " ind2=" ">
    <subfield code="a">808.831</subfield>
    <subfield code="b">A634m, 1963</subfield>
  </datafield>
  <datafield tag="245" ind1="0" ind2="0">
    <subfield code="a">Antolog&#xED;a de las mejores novelas polic&#xED;acas.</subfield>
  </datafield>
  <datafield tag="250" ind1=" " ind2=" ">
    <subfield code="a">6a ed.</subfield>
  </datafield>
  <datafield tag="260" ind1=" " ind2=" ">
    <subfield code="a">Barcelona :</subfield>
    <subfield code="b">Acervo,</subfield>
    <subfield code="c">1963.</subfield>
  </datafield>
  <datafield tag="300" ind1=" " ind2=" ">
    <subfield code="a">v. ;</subfield>
    <subfield code="c">21 cm.</subfield>
  </datafield>
  <datafield tag="500" ind1=" " ind2=" ">
    <subfield code="a">La biblioteca posee v.2</subfield>
  </datafield>
  <datafield tag="505" ind1="0" ind2=" ">
    <subfield code="t">El profanador de tumbas /</subfield>
    <subfield code="r">R. L. Stevenson</subfield>
    <subfield code="t">El cazador cazado /</subfield>
    <subfield code="r">W. Wilkie Collins</subfield>
    <subfield code="t">El jucio de Demetrio Karamazov /</subfield>
    <subfield code="r">F. Dostoievski</subfield>
    <subfield code="t">Las vacaciones de Mr. Ledbetter /</subfield>
    <subfield code="r">H G Wells</subfield>
    <subfield code="t">Un crimen excepcional /</subfield>
    <subfield code="r">Jean Richepin</subfield>
    <subfield code="t">La estrella de plata /</subfield>
    <subfield code="r">T. Burke</subfield>
    <subfield code="t">El fugitivo y los cl&#xE9;rigos /</subfield>
    <subfield code="r">J. S. Fletcher</subfield>
    <subfield code="t">El forastero amable /</subfield>
    <subfield code="r">Geoffrey Household</subfield>
    <subfield code="t">El enigma del fantasma en coche /</subfield>
    <subfield code="r">L. Castellani</subfield>
    <subfield code="t">&lt;&lt;...era un bendito&gt;&gt; /</subfield>
    <subfield code="r">George Joseph</subfield>
    <subfield code="t">El caso de la florista asustada /</subfield>
    <subfield code="r">Bevis Winter</subfield>
    <subfield code="t">Kachudas y el sombrerero /</subfield>
    <subfield code="r">G. Simenon</subfield>
    <subfield code="t">El cepo de t&#xED;o /</subfield>
    <subfield code="r">Burnhan Carter</subfield>
    <subfield code="t">El caso &lt;&lt;GI&gt;&gt; /</subfield>
    <subfield code="r">Ellery Quenn</subfield>
    <subfield code="t">Mom derrama una l&#xE1;grima /</subfield>
    <subfield code="r">James Yaffe</subfield>
    <subfield code="t">Una soga para el bar&#xF3;n /</subfield>
    <subfield code="r">Anthony Morton</subfield>
    <subfield code="t">Coartada perfecta /</subfield>
    <subfield code="r">O. Roy Cohen</subfield>
  </datafield>
  <datafield tag="910" ind1=" " ind2=" ">
    <subfield code="a">Validado. Control de calidad MFF</subfield>
  </datafield>
  <datafield tag="049" ind1=" " ind2=" ">
    <subfield code="a">BNGR</subfield>
  </datafield>
  <datafield tag="952" ind1=" " ind2=" ">
    <subfield code="0">0</subfield>
    <subfield code="1">0</subfield>
    <subfield code="5">4</subfield>
    <subfield code="7">0</subfield>
    <subfield code="8">MO</subfield>
    <subfield code="a">GR</subfield>
    <subfield code="b">GR</subfield>
    <subfield code="c">HD</subfield>
    <subfield code="d">2013-08-15</subfield>
    <subfield code="i">LF1</subfield>
    <subfield code="l">0</subfield>
    <subfield code="o">v.2</subfield>
    <subfield code="p">23651-10</subfield>
    <subfield code="r">2020-06-25</subfield>
    <subfield code="w">2020-06-25</subfield>
    <subfield code="y">4</subfield>
    <subfield code="Z">Pr&#xE9;stamo en sala</subfield>
  </datafield>
  <datafield tag="999" ind1=" " ind2=" ">
    <subfield code="c">23147</subfield>
    <subfield code="d">23147</subfield>
  </datafield>
</record>
